000 00955nam a22003011 4500
001 76585
003 BD-RjUL
005 20211209082849.0
008 140121s1945 nyuac b 000 0 eng
035 _a(BD-RjUL)76809
040 _aDLC
_cDLC
_dDLC
_dBD-RjUL
_beng
041 _aeng
082 0 0 _a534.1
_bSTT 1945
_223
100 1 _aRayleigh, John William Strutt,
_d1842-1919.
_929224
245 0 4 _aThe theory of sound /
_cby John William Strutt, baron Rayleigh
260 _aLondon :
_bMacmillan and co. ,,
_cc1944.
300 _a2 v. in 1. :
_bfront. (port.), diagrs. ;
_c22 cm.
500 _a"First American edition."
504 _aBibliographical foot-notes. Bibliography: v. 1, p. xxx-xxxii.
505 _aVol. 1.
650 0 _aSound.
_929225
650 0 _aVibration.
_929226
650 0 _aWaves.
_929227
700 1 _aLindsay, Robert Bruce,
_d1900-
_9236767
942 _2ddc
_cBK
999 _c76585
_d76585